[Event "Tatarstan-ch"]
[Site "Kazan"]
[Date "2016.09.19"]
[Round "4"]
[White "Toropov, Pavel"]
[Black "Shkuro, Alexandr"]
[Result "1-0"]
[WhiteElo "2349"]
[BlackElo "2019"]
[PlyCount "59"]
[EventDate "2016.09.16"]
[EventType "swiss"]
[EventRounds "9"]
[EventCountry "RUS"]
[SourceTitle "CBM 174 Extra"]
[Source "ChessBase"]
[SourceDate "2016.10.10"]
[SourceVersion "1"]
[SourceVersionDate "2016.10.10"]
[SourceQuality "1"]

1. e4 e6 2. d4 d5 3. Nc3 dxe4 4. Nxe4 b6 5. Qf3 c6 6. Be3 Bb7 7. 0-0-0 Nd7 8. Nh3 h6 9. Bc4 Ngf6 10. Nf4 Nxe4 11. Qxe4 Nf6 12. Qf3 Qd7 13. Nd3 Bd6 14. Ne5 Qc7 15. Qg3 g5 16. f4 0-0-0 17. fxg5 Ne4 18. Qg4 Bxe5 19. Qxe4 Bg7 20. Bf4 Qe7 21. gxh6 Bxh6 22. Bxh6 Rxh6 23. Qe3 Rh5 24. Rhf1 Qg5 25. Qxg5 Rxg5 26. Rxf7 Rxg2 27. Bxe6+ Kb8 28. h3 Rg6 29. Bg4 Rgd6 30. c3 1-0

[Event "Nezhmetdinov Memorial 37th"]
[Site "Kazan"]
[Date "2015.06.05"]
[Round "6"]
[White "Shkuro, Alexandr"]
[Black "Morozov, Fedor"]
[Result "1-0"]
[WhiteElo "2031"]
[BlackElo "1598"]
[PlyCount "83"]
[EventDate "2015.05.31"]
[EventType "swiss"]
[EventRounds "9"]
[EventCountry "RUS"]
[SourceTitle "CBM 166 Extra"]
[Source "ChessBase"]
[SourceDate "2015.06.18"]
[SourceVersion "1"]
[SourceVersionDate "2015.06.18"]
[SourceQuality "1"]

1. d4 Nf6 2. c4 g6 3. Nc3 d5 4. Nf3 Bg7 5. e3 0-0 6. Bd3 dxc4 7. Bxc4 c5 8. dxc5 Qa5 9. 0-0 Qxc5 10. Qe2 Bg4 11. Bb3 Nbd7 12. h3 Bh5 13. Qb5 Bxf3 14. gxf3 Qc7 15. Bd2 Ne5 16. Kg2 a6 17. Qe2 e6 18. Rac1 Qd8 19. Bc2 Rc8 20. Rfd1 Nc4 21. Be1 Qa5 22. Nd5 Qxa2 23. Ne7+ Kh8 24. Nxc8 Rxc8 25. Bd3 b5 26. Bxc4 bxc4 27. Bc3 Qb3 28. Rd2 Nd5 29. Bxg7+ Kxg7 30. Rdc2 Nb6 31. Rc3 Qb5 32. f4 a5 33. b3 Qd5+ 34. e4 Qd6 35. Qe3 h5 36. bxc4 Rc5 37. h4 Qe7 38. Qd4+ e5 39. fxe5 Rxe5 40. f4 Qxh4 41. Qxe5+ Kh7 42. Qg5 1-0

[Event "Nezhmetdinov Memorial 34th"]
[Site "Kazan"]
[Date "2012.10.01"]
[Round "6.26"]
[White "Shkuro, Alexandr"]
[Black "Vafin, Ayrat"]
[Result "0-1"]
[WhiteElo "2030"]
[BlackElo "2161"]
[PlyCount "94"]
[EventDate "2012.09.25"]
[EventType "swiss"]
[EventRounds "9"]
[EventCountry "RUS"]
[SourceTitle "EXT 2022"]
[Source "ChessBase"]
[SourceDate "2021.10.06"]
[SourceVersion "1"]
[SourceVersionDate "2021.10.06"]
[SourceQuality "1"]

1. d4 Nf6 2. Nf3 e6 3. e3 c5 4. Be2 b6 5. 0-0 Bb7 6. Nbd2 Be7 7. b3 cxd4 8. exd4 0-0 9. Bd3 Nc6 10. a3 Rc8 11. Bb2 Rc7 12. Re1 Qa8 13. c4 d5 14. cxd5 Nxd5 15. Rc1 Rfc8 16. Bf1 Bf8 17. b4 a5 18. b5 Nce7 19. Rxc7 Rxc7 20. Ne5 Nf6 21. Ndc4 Ned5 22. f3 Qe8 23. Qb3 Rc8 24. Bd3 Qd8 25. g3 Ne7 26. Be4 Nxe4 27. fxe4 Qc7 28. Nc6 Nxc6 29. bxc6 Qxc6 30. Qxb6 Qxb6 31. Nxb6 Rc2 32. Bc1 Bxe4 33. Rxe4 Rxc1+ 34. Kf2 Bxa3 35. Re5 Bb4 36. Rb5 g6 37. g4 Kg7 38. g5 Rc2+ 39. Ke3 Rxh2 40. Nd7 Rh3+ 41. Ke4 h6 42. gxh6+ Rxh6 43. Ne5 Rh4+ 44. Ke3 Rh5 45. Rb7 Rf5 46. Nc6 g5 47. Nd8 Kg6 0-1

[Event "Nezhmetdinov Memorial 34th"]
[Site "Kazan"]
[Date "2012.09.29"]
[Round "4.28"]
[White "Shkuro, Alexandr"]
[Black "Malygin, Alexander"]
[Result "1-0"]
[WhiteElo "2030"]
[BlackElo "2200"]
[PlyCount "81"]
[EventDate "2012.09.25"]
[EventType "swiss"]
[EventRounds "9"]
[EventCountry "RUS"]
[SourceTitle "EXT 2022"]
[Source "ChessBase"]
[SourceDate "2021.10.06"]
[SourceVersion "1"]
[SourceVersionDate "2021.10.06"]
[SourceQuality "1"]

1. d4 f5 2. Nf3 Nf6 3. e3 g6 4. b3 Bg7 5. Bb2 0-0 6. Be2 d6 7. 0-0 h6 8. c4 Qe8 9. Nbd2 Nbd7 10. Re1 e5 11. Nf1 e4 12. N3d2 g5 13. b4 Qg6 14. c5 d5 15. b5 f4 16. Qc2 Nb8 17. c6 bxc6 18. bxc6 Bf5 19. Qc5 Rf7 20. Qb5 Na6 21. Qxa6 Rb8 22. Ba3 Rb6 23. Qxa7 Ng4 24. Bxg4 Bxg4 25. Rab1 Rxc6 26. Rec1 Ra6 27. Qb8+ Kh7 28. Rb3 Qf5 29. Rxc7 Raf6 30. Rxf7 Rxf7 31. Rb7 fxe3 32. Rxf7 exf2+ 33. Kh1 Qxf7 34. Qg3 Qf4 35. Bc5 Bf6 36. Ne3 Bd8 37. Bd6 Qxg3 38. Bxg3 Be2 39. Bxf2 Bd3 40. Nxd5 Kg6 41. Nb4 1-0

[Event "Nezhmetdinov Memorial 34th"]
[Site "Kazan"]
[Date "2012.09.26"]
[Round "1.23"]
[White "Makhmutov, Rail"]
[Black "Shkuro, Alexandr"]
[Result "1-0"]
[WhiteElo "2399"]
[BlackElo "2030"]
[PlyCount "67"]
[EventDate "2012.09.25"]
[EventType "swiss"]
[EventRounds "9"]
[EventCountry "RUS"]
[SourceTitle "EXT 2022"]
[Source "ChessBase"]
[SourceDate "2021.10.06"]
[SourceVersion "1"]
[SourceVersionDate "2021.10.06"]
[SourceQuality "1"]

1. d4 d5 2. c4 e6 3. Nc3 Nf6 4. cxd5 exd5 5. Bg5 Be7 6. e3 0-0 7. Qc2 c6 8. Bd3 h6 9. Bh4 Re8 10. Nge2 Nbd7 11. f3 Nf8 12. 0-0 N6h7 13. Bxe7 Qxe7 14. e4 dxe4 15. fxe4 Bg4 16. Ng3 Rad8 17. Qf2 Qf6 18. Bc4 Qxf2+ 19. Rxf2 Nf6 20. e5 Rxd4 21. exf6 Rxc4 22. h3 Bc8 23. fxg7 Kxg7 24. Nh5+ Kg6 25. Nf6 Re5 26. Raf1 Rf5 27. Ne8 Rxf2 28. Rxf2 Be6 29. Ne2 Kg5 30. Nd6 Rb4 31. Nxf7+ Bxf7 32. Rxf7 Rxb2 33. Nd4 Ng6 34. Nf3+ 1-0

[Event "Tatarstan-ch op"]
[Site "Kazan"]
[Date "2012.09.09"]
[Round "7"]
[White "Shkuro, Alexandr"]
[Black "Pirmamedov, Roman"]
[Result "1-0"]
[WhiteElo "2030"]
[BlackElo "1806"]
[PlyCount "67"]
[EventDate "2012.09.03"]
[EventType "swiss"]
[EventRounds "9"]
[EventCountry "RUS"]
[SourceTitle "CBM 150 Extra"]
[Source "ChessBase"]
[SourceDate "2012.10.19"]
[SourceVersion "1"]
[SourceVersionDate "2012.10.19"]
[SourceQuality "1"]

1. d4 Nf6 2. Nf3 b6 3. e3 Bb7 4. Be2 e6 5. 0-0 Be7 6. c4 d5 7. Nc3 0-0 8. a3 Nbd7 9. b4 Re8 10. c5 Nf8 11. Ne5 c6 12. Bb2 Ng6 13. Nxg6 hxg6 14. Qb3 Kh7 15. f3 Rh8 16. e4 Kg8 17. e5 Nh5 18. f4 g5 19. Bxh5 Rxh5 20. Qd1 Rh8 21. f5 exf5 22. Rxf5 Bc8 23. Rf1 g4 24. g3 g6 25. Rf2 Rh3 26. Ne2 g5 27. Qc2 Be6 28. cxb6 axb6 29. Qxc6 Rc8 30. Qa4 Kg7 31. Rc1 Qh8 32. Rxc8 Bxc8 33. Qa8 Qd8 34. Nc3 1-0

[Event "Tatarstan-ch op"]
[Site "Kazan"]
[Date "2012.09.05"]
[Round "3"]
[White "Shkuro, Alexandr"]
[Black "Kamov, Igor"]
[Result "0-1"]
[WhiteElo "2030"]
[BlackElo "2176"]
[PlyCount "56"]
[EventDate "2012.09.03"]
[EventType "swiss"]
[EventRounds "9"]
[EventCountry "RUS"]
[SourceTitle "CBM 150 Extra"]
[Source "ChessBase"]
[SourceDate "2012.10.19"]
[SourceVersion "1"]
[SourceVersionDate "2012.10.19"]
[SourceQuality "1"]

1. d4 Nf6 2. Nf3 c5 3. e3 g6 4. Be2 Bg7 5. c4 0-0 6. Nc3 cxd4 7. exd4 d5 8. 0-0 Nc6 9. Be3 dxc4 10. Bxc4 Ng4 11. Qd2 Nxe3 12. fxe3 Qa5 13. Rad1 Bg4 14. h3 Bxf3 15. Rxf3 Rad8 16. Qf2 e6 17. Rf1 Qc7 18. Nb5 Qe7 19. Kh1 f5 20. Nc3 Kh8 21. Qc2 e5 22. d5 e4 23. R3f2 Ne5 24. Qe2 Qb4 25. Bb3 Nd3 26. Qd2 Nxf2+ 27. Rxf2 Rc8 28. d6 Rc6 0-1

[Event "Privolzhskogo FO-ch"]
[Site "Kazan"]
[Date "2009.01.27"]
[Round "7"]
[White "Tokarev, Ilya"]
[Black "Shkuro, Alexandr"]
[Result "1-0"]
[WhiteElo "2262"]
[BlackElo "2074"]
[PlyCount "55"]
[EventDate "2009.01.21"]
[EventType "swiss"]
[EventRounds "9"]
[EventCountry "RUS"]
[SourceTitle "EXT 2010"]
[Source "ChessBase"]
[SourceDate "2010.11.25"]
[SourceVersion "1"]
[SourceVersionDate "2010.11.25"]
[SourceQuality "1"]

1. c4 c5 2. Nc3 Nf6 3. g3 d5 4. cxd5 Nxd5 5. Bg2 Nxc3 6. bxc3 e6 7. Rb1 Qc7 8. Nf3 Be7 9. d4 cxd4 10. cxd4 Nc6 11. 0-0 0-0 12. Qc2 Bd7 13. Bf4 Qc8 14. Rfc1 h6 15. Qb2 g5 16. Be3 Rb8 17. h4 Qd8 18. Qd2 f6 19. hxg5 hxg5 20. d5 exd5 21. Qxd5+ Kg7 22. Nd4 Nxd4 23. Bxd4 Bf5 24. Qxf5 Qxd4 25. Be4 Rh8 26. Rd1 Qe5 27. Qg6+ Kf8 28. Bd5 1-0

[Event "Privolzhskogo FO-ch"]
[Site "Kazan"]
[Date "2009.01.24"]
[Round "4"]
[White "Mikhailov, Sergey"]
[Black "Shkuro, Alexandr"]
[Result "1-0"]
[WhiteElo "2416"]
[BlackElo "2074"]
[PlyCount "119"]
[EventDate "2009.01.21"]
[EventType "swiss"]
[EventRounds "9"]
[EventCountry "RUS"]
[SourceTitle "EXT 2010"]
[Source "ChessBase"]
[SourceDate "2010.11.25"]
[SourceVersion "1"]
[SourceVersionDate "2010.11.25"]
[SourceQuality "1"]

1. e4 e6 2. Nf3 d5 3. e5 c5 4. b4 cxb4 5. a3 Nc6 6. axb4 Bxb4 7. c3 Be7 8. d4 h5 9. h4 Nh6 10. Ng5 Nf5 11. g3 Bd7 12. Bd3 g6 13. Nh3 Rc8 14. Nf4 Qc7 15. Bd2 Na5 16. 0-0 a6 17. Bxf5 gxf5 18. Nxh5 Bb5 19. Re1 Nc4 20. Bg5 Bxg5 21. hxg5 Qe7 22. Nf6+ Kd8 23. Qc1 Kc7 24. Kg2 Kb8 25. Na3 Nxa3 26. Rxa3 Rc4 27. Qb2 Rhc8 28. Rea1 R4c6 29. Re1 Rh8 30. Raa1 Rcc8 31. Ra5 Bd3 32. Rd1 Bc4 33. Rda1 Rc6 34. R5a3 Ka7 35. Rb1 Qc7 36. Re1 Rb6 37. Qc2 Qc6 38. Rb1 Rxb1 39. Qxb1 Bb5 40. Qb4 Qc4 41. Qxc4 Bxc4 42. g4 fxg4 43. Kg3 Be2 44. Nxg4 Bxg4 45. Kxg4 Rh1 46. f4 b5 47. Ra2 Kb6 48. Rf2 Kc6 49. f5 Rg1+ 50. Kh5 Rh1+ 51. Kg4 Rg1+ 52. Kf4 a5 53. g6 fxg6 54. fxe6 Kc7 55. Rb2 Kc6 56. Rxb5 Rh1 57. Rxa5 Rh8 58. Kg5 Re8 59. Kxg6 Rxe6+ 60. Kf7 1-0

[Event "Nezhmetdinov Memorial 30th"]
[Site "Kazan"]
[Date "2008.06.03"]
[Round "3"]
[White "Pavlovski, Yaroslav"]
[Black "Shkuro, Alexandr"]
[Result "1-0"]
[WhiteElo "2263"]
[BlackElo "2057"]
[PlyCount "63"]
[EventDate "2008.06.01"]
[EventType "swiss"]
[EventRounds "9"]
[EventCountry "RUS"]
[SourceTitle "EXT 2009"]
[Source "ChessBase"]
[SourceDate "2008.11.26"]
[SourceVersion "1"]
[SourceVersionDate "2008.11.26"]
[SourceQuality "1"]

1. e4 e6 2. d4 d5 3. Nc3 Bb4 4. e5 c5 5. a3 Bxc3+ 6. bxc3 Qa5 7. Bd2 Ne7 8. Nf3 c4 9. h4 Nbc6 10. h5 h6 11. Rh4 Bd7 12. Rg4 Rg8 13. Rf4 0-0-0 14. g3 Rdf8 15. Bh3 f5 16. exf6 gxf6 17. Qe2 Nd8 18. Kf1 Qb6 19. Bc1 Qa5 20. Qe3 Qa4 21. Ra2 Kb8 22. Rxf6 Ka8 23. Qxh6 Rxf6 24. Qxf6 e5 25. Bg2 e4 26. Qxe7 exf3 27. Bxf3 Bh3+ 28. Kg1 Re8 29. Qd6 Nc6 30. Kh2 Rd8 31. Qf6 Bc8 32. h6 1-0

[Event "Nezhmetdinov Memorial 30th"]
[Site "Kazan"]
[Date "2008.06.02"]
[Round "2"]
[White "Shkuro, Alexandr"]
[Black "Vasilov, Artur"]
[Result "1-0"]
[WhiteElo "2057"]
[BlackElo "2205"]
[PlyCount "87"]
[EventDate "2008.06.01"]
[EventType "swiss"]
[EventRounds "9"]
[EventCountry "RUS"]
[SourceTitle "EXT 2009"]
[Source "ChessBase"]
[SourceDate "2008.11.26"]
[SourceVersion "1"]
[SourceVersionDate "2008.11.26"]
[SourceQuality "1"]

1. e4 e6 2. d4 d5 3. Nc3 dxe4 4. Nxe4 Bd7 5. Nf3 Bc6 6. Ng3 Nd7 7. Be2 Ngf6 8. 0-0 Bd6 9. Bd3 b6 10. Re1 0-0 11. Ne5 Bb7 12. Nxd7 Qxd7 13. Bg5 Be7 14. Bxf6 Bxf6 15. c3 g6 16. Be4 Bxe4 17. Nxe4 Bg7 18. Qf3 Qe7 19. Rad1 Rad8 20. Nd2 c5 21. dxc5 Qxc5 22. Nb3 Qc7 23. Rxd8 Rxd8 24. Rd1 e5 25. Rxd8+ Qxd8 26. g3 f5 27. Qe2 Bf6 28. Qd2 Kf7 29. Qxd8 Bxd8 30. f3 Ke6 31. Kf2 Kd5 32. Ke3 b5 33. Nd2 Bg5+ 34. Kd3 Bxd2 35. Kxd2 g5 36. Kd3 h5 37. h3 Kc5 38. b3 h4 39. g4 fxg4 40. fxg4 Kd5 41. c4+ bxc4+ 42. bxc4+ Kd6 43. Ke4 a5 44. c5+ 1-0

[Event "Nezhmetdinov Memorial 30th"]
[Site "Kazan"]
[Date "2008.06.01"]
[Round "1"]
[White "Ogloblin, Nikolay"]
[Black "Shkuro, Alexandr"]
[Result "1-0"]
[WhiteElo "2369"]
[BlackElo "2057"]
[PlyCount "55"]
[EventDate "2008.06.01"]
[EventType "swiss"]
[EventRounds "9"]
[EventCountry "RUS"]
[SourceTitle "EXT 2009"]
[Source "ChessBase"]
[SourceDate "2008.11.26"]
[SourceVersion "1"]
[SourceVersionDate "2008.11.26"]
[SourceQuality "1"]

1. Nf3 Nf6 2. c4 b6 3. g3 Bb7 4. Bg2 e6 5. 0-0 Be7 6. Nc3 Ne4 7. Qc2 Nxc3 8. Qxc3 0-0 9. Qc2 f5 10. d3 Bf6 11. e4 fxe4 12. dxe4 d6 13. e5 dxe5 14. Ng5 Bxg5 15. Bxb7 Bxc1 16. Raxc1 Nd7 17. Rcd1 Qe7 18. Bxa8 Rxa8 19. Qe4 Rf8 20. Rd2 Qf7 21. Rfd1 Nf6 22. Qxe5 Ng4 23. Qe2 Qh5 24. Qxe6+ Kh8 25. h4 Nxf2 26. Rf1 Qf3 27. Rfxf2 Qxg3+ 28. Kf1 1-0

[Event "Kazan Region-ch 6th"]
[Site "Kazan"]
[Date "2008.01.25"]
[Round "3"]
[White "Shkuro, Alexandr"]
[Black "Pushin, Vladimir"]
[Result "0-1"]
[WhiteElo "2062"]
[BlackElo "2297"]
[PlyCount "120"]
[EventDate "2008.01.23"]
[EventType "swiss"]
[EventRounds "9"]
[EventCountry "RUS"]
[SourceTitle "CBM 122 Extra"]
[Source "ChessBase"]
[SourceDate "2008.03.04"]
[SourceVersion "1"]
[SourceVersionDate "2008.03.04"]
[SourceQuality "1"]

1. e4 c5 2. Nc3 Nc6 3. g3 g6 4. Bg2 Bg7 5. Nge2 e6 6. 0-0 Nge7 7. d3 0-0 8. Be3 Nd4 9. Qd2 d6 10. Nd1 Rb8 11. c3 Nxe2+ 12. Qxe2 b5 13. d4 cxd4 14. Bxd4 Bxd4 15. cxd4 Qb6 16. d5 exd5 17. exd5 Nf5 18. b4 Qd4 19. Qb2 Qxb2 20. Nxb2 Re8 21. Rfe1 Bd7 22. Rxe8+ Rxe8 23. Kf1 Nd4 24. Nd3 Bf5 25. Ne1 Rc8 26. h3 Rc4 27. g4 Bc2 28. Rc1 Kg7 29. a3 g5 30. f3 Bg6 31. Ra1 Nc2 32. Ra2 Nxe1 33. Kxe1 Rc2 34. Rxc2 Bxc2 35. Kd2 Bb3 36. Bf1 a6 37. Ke3 Bxd5 38. f4 h6 39. Kd4 Bc6 40. fxg5 hxg5 41. Bd3 Kf6 42. Bf5 Bb7 43. Bc2 Ke7 44. a4 Bg2 45. axb5 axb5 46. Bf5 Bxh3 47. Ke3 Bg2 48. Bd3 Bc6 49. Be2 Ke6 50. Bd3 Ke5 51. Bf5 d5 52. Kd3 d4 53. Bc8 Bd5 54. Bd7 Bc4+ 55. Kd2 Be6 56. Bxb5 Bxg4 57. Bc6 Kd6 58. Be8 Be6 59. Kd3 Kd5 60. b5 Kc5 0-1

[Event "Nezhmetdinov Memorial 29th"]
[Site "Kazan"]
[Date "2007.06.05"]
[Round "5"]
[White "Shkuro, Alexandr"]
[Black "Kamov, Igor"]
[Result "1-0"]
[WhiteElo "2041"]
[BlackElo "2243"]
[PlyCount "97"]
[EventDate "2007.06.01"]
[EventType "swiss"]
[EventRounds "9"]
[EventCountry "RUS"]
[SourceTitle "CBM 119 Extra"]
[Source "ChessBase"]
[SourceDate "2007.09.04"]
[SourceVersion "1"]
[SourceVersionDate "2007.09.04"]
[SourceQuality "1"]

1. e4 c5 2. Nc3 Nc6 3. g3 g6 4. Bg2 Bg7 5. Nge2 d6 6. 0-0 e6 7. d3 Nge7 8. Be3 Nd4 9. Qd2 0-0 10. Rfc1 Qa5 11. Bxd4 cxd4 12. Nb1 Qb6 13. c4 Bd7 14. Na3 f5 15. f3 Rac8 16. Nc2 d5 17. exd5 exd5 18. b3 Be6 19. Rab1 Bf7 20. Re1 Rfe8 21. f4 a6 22. Kh1 Qa7 23. Nb4 dxc4 24. bxc4 b5 25. cxb5 axb5 26. Rec1 Qa3 27. Rxc8 Rxc8 28. Qb2 Qa4 29. h3 h6 30. Re1 Rc7 31. Nc1 Bf6 32. Bf3 Kf8 33. Kg1 Qa5 34. Kf1 g5 35. Ne2 Rc5 36. Rc1 Rxc1+ 37. Nxc1 h5 38. fxg5 Bxg5 39. Ne2 Bf6 40. h4 Be5 41. a3 Qc7 42. Kg2 Ng6 43. Nc6 Bxg3 44. Nxg3 Nxh4+ 45. Kf2 Nxf3 46. Qxb5 Nh2 47. Qc5+ Kg8 48. Ne7+ Kh8 49. Qxc7 1-0

[Event "Nezhmetdinov Memorial 29th"]
[Site "Kazan"]
[Date "2007.06.04"]
[Round "4"]
[White "Islamov, Marat"]
[Black "Shkuro, Alexandr"]
[Result "1/2-1/2"]
[WhiteElo "2214"]
[BlackElo "2041"]
[PlyCount "138"]
[EventDate "2007.06.01"]
[EventType "swiss"]
[EventRounds "9"]
[EventCountry "RUS"]
[SourceTitle "CBM 119 Extra"]
[Source "ChessBase"]
[SourceDate "2007.09.04"]
[SourceVersion "1"]
[SourceVersionDate "2007.09.04"]
[SourceQuality "1"]

1. e4 e6 2. d4 d5 3. exd5 exd5 4. c4 c6 5. h3 Bd6 6. Nf3 Ne7 7. Be2 0-0 8. 0-0 Qc7 9. Nc3 dxc4 10. Bxc4 Bf5 11. Re1 Nd7 12. Bg5 Nb6 13. Bb3 Ned5 14. Bc2 Bxc2 15. Qxc2 f6 16. Bd2 Rfe8 17. Ne4 Bf4 18. Nc3 Bxd2 19. Nxd2 Re7 20. Rxe7 Qxe7 21. Nf3 Qf7 22. Re1 Nf4 23. Kh2 Nbd5 24. a3 b6 25. Ne4 Qd7 26. Rc1 Rc8 27. Qd2 Re8 28. Ng3 g6 29. b4 Kg7 30. a4 h5 31. Re1 Rxe1 32. Nxe1 Qe7 33. b5 h4 34. Nf1 cxb5 35. axb5 Qe2 36. Qxe2 Nxe2 37. Ne3 Ndc3 38. N1c2 Nxb5 39. d5 Nd6 40. g3 hxg3+ 41. fxg3 a5 42. Kg2 b5 43. Kf2 Nc3 44. Ke1 Nde4 45. Nd4 b4 46. Nc4 Nxd5 47. Nxa5 Nxg3 48. Kd2 Ne4+ 49. Kd3 Nf2+ 50. Kc4 Ne3+ 51. Kxb4 Nxh3 52. Kc3 Nf4 53. Kd2 Ned5 54. Ke1 f5 55. Nc4 Kf6 56. Nf3 Ne6 57. Nd6 f4 58. Ne4+ Kf5 59. Nd6+ Kg4 60. Kf2 g5 61. Ne5+ Kh3 62. Kf3 Nf6 63. Nf5 g4+ 64. Nxg4 Nxg4 65. Nd4 Nh2+ 66. Ke4 Kg2 67. Nxe6 f3 68. Nf4+ Kg3 69. Nd3 Ng4 1/2-1/2

[Event "Nezhmetdinov Memorial 29th"]
[Site "Kazan"]
[Date "2007.06.02"]
[Round "2"]
[White "Shakirov, Rail"]
[Black "Shkuro, Alexandr"]
[Result "0-1"]
[WhiteElo "2188"]
[BlackElo "2041"]
[PlyCount "128"]
[EventDate "2007.06.01"]
[EventType "swiss"]
[EventRounds "9"]
[EventCountry "RUS"]
[SourceTitle "CBM 119 Extra"]
[Source "ChessBase"]
[SourceDate "2007.09.04"]
[SourceVersion "1"]
[SourceVersionDate "2007.09.04"]
[SourceQuality "1"]

1. e4 e6 2. d4 d5 3. e5 c5 4. c3 Nc6 5. Nf3 Qb6 6. Bd3 Bd7 7. 0-0 cxd4 8. cxd4 Nxd4 9. Nxd4 Qxd4 10. Qe2 Ne7 11. Nc3 a6 12. Kh1 Nc6 13. f4 Nb4 14. Rd1 Nxd3 15. Rxd3 Qb6 16. a4 g6 17. Qg4 h5 18. Qd1 Bc6 19. Be3 Bc5 20. Bxc5 Qxc5 21. Ne2 Rc8 22. Nd4 Qe7 23. b3 Bd7 24. Qd2 0-0 25. Rg3 Kg7 26. Qb2 Kh7 27. Nf3 Rc7 28. Re1 Rfc8 29. Nd4 Qb4 30. Rg1 Rc3 31. Nf3 Rc2 32. Qa1 Qc5 33. b4 Qc4 34. Qa3 Rc1 35. b5 Rxg1+ 36. Nxg1 Qc5 37. Qd3 axb5 38. h3 Qc4 39. Qd2 bxa4 40. f5 exf5 41. Qg5 d4 42. Qe7 Qe6 43. Qb4 Qxe5 44. Rd3 Rc1 45. Qb2 Rf1 46. Rf3 Rd1 47. Qb4 Qe1 48. Qxe1 Rxe1 49. Rd3 b5 50. Kh2 Bc6 51. Rd2 b4 52. Ne2 Rxe2 53. Rxe2 b3 54. g4 a3 55. gxf5 b2 56. fxg6+ Kxg6 57. Re1 a2 58. Rg1+ Kh6 59. h4 b1Q 60. Kh3 Qd3+ 61. Kh2 Qe2+ 62. Kh3 Qf3+ 63. Kh2 Qf2+ 64. Kh3 Bd7+ 0-1

[Event "Muhamedzjanov Memorial"]
[Site "Kazan"]
[Date "2007.02.03"]
[Round "9"]
[White "Sitdikova, Liya"]
[Black "Shkuro, Alexandr"]
[Result "1-0"]
[WhiteElo "2005"]
[BlackElo "2061"]
[PlyCount "87"]
[EventDate "2007.01.26"]
[EventType "swiss"]
[EventRounds "9"]
[EventCountry "RUS"]
[SourceTitle "EXT 2008"]
[Source "ChessBase"]
[SourceDate "2007.11.25"]
[SourceVersion "1"]
[SourceVersionDate "2007.11.25"]
[SourceQuality "1"]

1. e4 e6 2. d4 d5 3. Nc3 Bb4 4. e5 c5 5. Bd2 Nc6 6. Nb5 Bxd2+ 7. Qxd2 Nxd4 8. Nxd4 cxd4 9. Qxd4 Ne7 10. Qd2 0-0 11. Bd3 Qb6 12. 0-0-0 Nc6 13. f4 Qa5 14. Qxa5 Nxa5 15. Nf3 Bd7 16. Nd4 Rfc8 17. Kb1 a6 18. Rhe1 Nc6 19. Nb3 Nb4 20. c3 Nxd3 21. Rxd3 Rc7 22. Nd4 b5 23. b4 Rac8 24. Kb2 Rc4 25. g3 g6 26. Nb3 Be8 27. Nc5 a5 28. a3 Rb8 29. Rd4 Rxd4 30. cxd4 a4 31. Rc1 Rc8 32. Rc3 h5 33. Nxa4 Rxc3 34. Nxc3 Kf8 35. a4 bxa4 36. Ka3 Ke7 37. b5 Kd7 38. Kxa4 Kc7 39. Ka5 Kb7 40. Na4 Ka7 41. Nc5 Kb8 42. Ka6 Kc7 43. b6+ Kb8 44. b7 1-0